[Event "USA-ch m"]
[Site "Los Angeles"]
[Date "1991.??.??"]
[Round "4.3"]
[White "Benjamin, Joel"]
[Black "Kamsky, Gata"]
[Result "0-1"]
[WhiteElo "2540"]
[BlackElo "2595"]
[Annotator "Ftacnik,L"]
[PlyCount "60"]
[EventDate "1991.07.??"]
[EventType "k.o."]
[EventRounds "4"]
[EventCountry "USA"]
[SourceTitle "CBM 025"]
[Source "ChessBase"]
[SourceDate "1991.12.01"]
[SourceVersion "1"]
[SourceVersionDate "1991.12.01"]
[SourceQuality "1"]

1. e4 e5 2. Nf3 Nc6 3. Bb5 a6 4. Bxc6 dxc6 5. O-O Qd6 6. d3 Ne7 7. Be3 Ng6 (
7... c5 8. Nbd2 Nc6 9. Nc4 Qf6 10. Qd2 h6 11. Ne1 g5 12. f3 Be6 13. Qf2 b6 14.
b3 Qg6 $15 {Kalish,J-Palciauskas,V/corr Wch-10/1978/}) 8. Nbd2 c5 (8... Be7 9.
Qe2 c5 10. c3 O-O 11. Rfd1 Rd8 12. Nc4 Qe6 13. h3 b6 14. Ng5 Bxg5 15. Bxg5 f6
16. Be3 a5 $10 {Chekhov,V-Smejkal,J/Banja Luka/1976/}) 9. Nc4 Qe6 10. Ng5 Qf6 (
10... Qe7 11. Qh5 Bd7 (11... f6 12. Nxh7 Qf7 13. f4 exf4 14. Bxf4 Nxf4 15.
Nxf6+ gxf6 16. Qxh8 $40) 12. f4 $40) 11. Qh5 Bd6 $5 (11... h6 12. Nh3 Bd6 13.
f4 exf4 14. Nxd6+ cxd6 15. Nxf4 Nxf4 16. Bxf4 $14) 12. f4 $5 exf4 (12... Nxf4
$2 13. Bxf4 exf4 14. e5 Bxe5 15. Rae1 $18) 13. e5 Nxe5 (13... Bxe5 14. Nxe5 (
14. Ne4 Qf5 15. Qxf5 Bxf5 16. Nxe5 Bxe4) 14... Qxe5 (14... Nxe5 15. Bxf4 $40)
15. Bxf4 Nxf4 16. Qxf7+ Kd8 17. Qxf4 $16) 14. Bxf4 (14. Nxe5 g6 $3 (14... Bxe5
15. Nxf7 $1 Qxf7 (15... g6 16. Qxe5+ Qxe5 (16... Kxf7 17. Rxf4 Bf5 18. Qxf6+
Kxf6 19. g4 $18) 17. Nxe5 fxe3 18. Rae1 $16) 16. Qxe5+ Qe7 17. Qxe7+ Kxe7 18.
Bxc5+ Kd7 19. Rxf4 $16) (14... Qxe5 15. Bxf4 Qd4+ 16. Kh1 Kd7 (16... g6 17.
Qe2+ Kd7 18. Bxd6 cxd6 19. Rxf7+ $16) 17. Qxf7+ Kc6 $16) 15. Qh4 (15. Ng4 Qe7
16. Qh4 Bxg4) (15. Ne4 Qxe5 16. Qxe5+ Bxe5 17. Bxf4 Bd4+ 18. Kh1 f5 19. c3 $10)
15... Qxe5 16. Bxf4 Qd4+ 17. Kh1 Be6 $13) 14... Nxc4 15. Bxd6 $2 (15. Rae1+ $5
Kd7 $1 (15... Kd8 16. Nxf7+ Kd7 17. Be5 Qg6 18. Qxg6 hxg6 19. Bxd6 $16) (15...
Be7 16. dxc4 h6 17. Be3 Qg6 18. Qxg6 fxg6 19. Bxc5 $18) 16. Be5 (16. dxc4 Bxf4
17. Qxf7+ Qxf7 (17... Kc6 $2 18. Qd5+ Kb6 19. Ne6 $1) 18. Nxf7 Re8 19. Rxe8
Bxh2+ 20. Kxh2 Kxe8 $17) (16. Be3 Qh6 $1 (16... Qg6 17. Rxf7+ Kc6 18. Qf3+ Kb6
19. dxc4 h6 20. b4 $1 $40) 17. Rxf7+ Kc6 18. Qf3+ Kb6 19. dxc4 Qxh2+ 20. Kf1
$13) 16... Nxe5 17. Rxf6 gxf6 $13) 15... Qd4+ 16. Kh1 Nxd6 17. Rxf7 (17. Rae1+
Kd8) 17... Qg4 $1 (17... Nxf7 18. Re1+ Kd7 19. Nxf7 Rg8 (19... Rf8 20. Qf5+ Kc6
21. Ne5+) (19... g6 20. Ne5+ Kd6 21. Nc4+ Kd7 (21... Kc6 22. Qf3+ Qd5 23. Qf6+)
22. Ne5+ $10) 20. Ne5+ Kd6 21. Nc4+ Kc6 22. Qf3+ Qd5 (22... Kb5 23. a4+ $1 Kxa4
24. Ra1+ $18) 23. Na5+ Kd6 24. Nc4+ Kc6 $10) 18. Re1+ Kd8 19. Qxg4 Bxg4 20.
Rxg7 h6 21. Nh7 (21. Ree7 hxg5 22. Rxc7 Ne8 $19) 21... Bd7 22. Nf6 Bc6 23. Kg1
Kc8 24. Ree7 Kb8 25. Rxc7 Ne8 $1 26. Nxe8 Rxe8 27. Kf2 Re6 28. Rce7 Rf6+ 29.
Kg3 Ka7 30. Ref7 Rxf7 {Ftacnik,L} 0-1

[Event "Tilburg"]
[Site "Tilburg"]
[Date "1991.??.??"]
[Round "1"]
[White "Kortschnoj, Viktor Lvovich"]
[Black "Kamsky, Gata"]
[Result "1/2-1/2"]
[WhiteElo "2610"]
[BlackElo "2595"]
[Annotator "Ribli,Z"]
[PlyCount "109"]
[EventDate "1991.10.??"]
[EventType "tourn"]
[EventRounds "14"]
[EventCountry "NED"]
[EventCategory "17"]
[SourceTitle "CBM 026"]
[Source "ChessBase"]
[SourceDate "1992.02.01"]
[SourceVersion "1"]
[SourceVersionDate "1992.02.01"]
[SourceQuality "1"]

1. c4 c5 2. Nf3 Nf6 3. Nc3 d5 4. cxd5 Nxd5 5. e3 Nxc3 6. bxc3 g6 7. Bb5+ (7.
Qa4+ $5 Nd7 8. h4 h5 9. Ba3 Qc7 10. Bc4 Bg7 11. Rh3 O-O 12. Rg3 Nb6 13. Qa5 Bf5
$13 {Djuric,S-Grosar,A Bled/Rogaska Slatina 1991 CBM/24}) 7... Nd7 8. a4 Bg7 9.
d4 O-O 10. O-O Qc7 (10... a6 $6 11. Bd3 b6 12. Rb1 Qc7 13. e4 Rd8 14. Qe2 Nf8
15. e5 $14 {Petrosjan,T-Lehmann Hamburg 1960}) 11. Ba3 b6 12. e4 Nf6 13. Re1 (
13. Qe2 $5) 13... Rd8 14. Bd3 Bb7 15. Qd2 e6 16. h3 Rac8 17. Qe3 Nh5 18. a5
cxd4 19. cxd4 bxa5 20. Rab1 Ba8 21. g4 Nf6 (21... Nf4 $2 22. Rec1 $1 Nxh3+ 23.
Kg2 Nf4+ 24. Kf1 $18) 22. Ne5 Rb8 23. Rbc1 Qb6 24. Bc5 Qc7 25. Qf4 Ne8 26. Ba3
Bxe5 27. dxe5 Qb6 28. Qh6 Ng7 29. Bd6 Rxd6 $1 30. exd6 Qxd6 31. Qe3 h5 $1 $44
32. Qxa7 hxg4 33. hxg4 Qf4 34. Kf1 Rf8 35. Qxa5 Qxg4 36. Re3 Nh5 37. Be2 Qh4
38. Ke1 Nf4 39. Bf1 Nh5 40. Qe5 Nf6 41. Rh3 Qxe4+ 42. Qxe4 Bxe4 43. Ba6 Nd5 44.
Rc8 Rxc8 45. Bxc8 Nf4 46. Ra3 g5 47. Kd2 Kg7 48. Ra7 Kf6 49. Bb7 Bg6 50. f3 Bh5
51. Ke3 Ng6 52. Ra5 Ne5 53. Rc5 Bg6 54. Be4 Bxe4 55. Kxe4 1/2-1/2

[Event "Tilburg"]
[Site "Tilburg"]
[Date "1991.??.??"]
[Round "6"]
[White "Kamsky, Gata"]
[Black "Timman, Jan H"]
[Result "1-0"]
[WhiteElo "2595"]
[BlackElo "2630"]
[Annotator "Ernst,T"]
[PlyCount "81"]
[EventDate "1991.10.??"]
[EventType "tourn"]
[EventRounds "14"]
[EventCountry "NED"]
[EventCategory "17"]
[SourceTitle "CBM 026"]
[Source "ChessBase"]
[SourceDate "1992.02.01"]
[SourceVersion "1"]
[SourceVersionDate "1992.02.01"]
[SourceQuality "1"]

1. e4 e5 2. Nf3 Nc6 3. Nc3 Nf6 4. Bb5 Bb4 5. O-O O-O 6. d3 d6 7. Bg5 Bxc3 8.
bxc3 Qe7 9. Re1 Nd8 10. d4 Ne6 11. Bh4 Nf4 12. Nd2 {Eine neue Idee im
Vierspringerspiel. Der Läufer h4 soll nach f2 überführt werden.} Kh8 (12... c5
$10) 13. Bf1 h6 14. f3 g5 15. Bg3 Rg8 16. Nc4 Rg7 17. Ne3 h5 18. c4 Bd7 19. c3
Rag8 20. Nf5 Bxf5 21. exf5 h4 22. Bf2 g4 23. Bxh4 gxf3 24. Qxf3 Rg4 25. Bg3
N6h5 26. Bxf4 Nxf4 27. g3 Qh4 28. Re3 Nh5 29. Qf2 exd4 30. cxd4 Rxd4 31. Rae1
$14 Qf6 32. Re4 Rxe4 33. Rxe4 Qg5 34. Qd4+ Kh7 35. Rh4 $1 $40 Re8 36. Qd1 Kh6
37. Be2 $18 Rxe2 38. Qxe2 a6 39. a4 b6 40. Rh3 Qc1+ 41. Kg2 1-0

[Event "Tilburg"]
[Site "Tilburg"]
[Date "1991.??.??"]
[Round "7"]
[White "Short, Nigel D"]
[Black "Kamsky, Gata"]
[Result "1-0"]
[WhiteElo "2660"]
[BlackElo "2595"]
[Annotator "Blatny,P"]
[PlyCount "65"]
[EventDate "1991.10.??"]
[EventType "tourn"]
[EventRounds "14"]
[EventCountry "NED"]
[EventCategory "17"]
[SourceTitle "CBM 026"]
[Source "ChessBase"]
[SourceDate "1992.02.01"]
[SourceVersion "1"]
[SourceVersionDate "1992.02.01"]
[SourceQuality "1"]

1. e4 {Hansen,Cu Anand} c5 2. Nf3 e6 3. d4 cxd4 4. Nxd4 a6 5. Bd3 Qc7 (5... Bc5
6. Nb3 Ba7 7. Qe2 Nc6 8. Be3 d6 9. Bxa7 Rxa7 10. c4 Nf6 11. Nc3 O-O 12. O-O b6
13. Rad1 Rd7 {Vogt-Lobron, Germany 1991}) (5... Nf6 6. O-O d6 7. f4 Be7 8. Kh1
Nbd7 9. a4 (9. Nd2 Qc7 10. N2f3 O-O 11. Qe2 Nc5 12. e5 Nxd3 13. cxd3 Nd5 $10 {
Woodford-Dehmelt, corr 1991})) 6. O-O Nc6 (6... d6 7. f4 Be7 8. Kh1 Nd7 9. a4 (
9. Nd2)) 7. Nxc6 dxc6 (7... bxc6 {Hansen,Cu} 8. c4 Bd6 9. f4 e5 10. f5 Bc5+ 11.
Kh1 Nf6 $10 {Ilijin-Palos 1987}) 8. a4 a5 9. f4 e5 10. Kh1 (10. fxe5 $5 {Anand}
) 10... Nf6 11. f5 (11. fxe5 {Anand} Ng4) (11. Nc3 $5 {Hansen,Cu /\fxe5/f5})
11... Bc5 12. Qe2 h6 13. Nd2 Bd7 (13... b6 $5 {Hansen,Cu}) 14. Nc4 b5 15. Ne3
b4 (15... Rb8 $5 {Hansen,Cu}) (15... Qb6 {Hansen,Cu} 16. Ng4 $16) 16. Ng4 h5 (
16... Be7 {Hansen,Cu}) 17. Nxf6+ gxf6 18. Bd2 Ke7 19. Rf3 Rh7 20. Bc4 Rg8 21.
Rd1 Qa7 22. Rd3 $16 Bc8 23. Be1 {/\Bh4,Qd2+-} h4 24. Rh3 Rgh8 25. c3 $1 {><d4}
Qb6 26. Qd3 Qc7 (26... Rd8 $2 27. Qxd8+ Qxd8 28. Rxd8 Kxd8 29. Bxh4 Be7 (29...
Rh6 30. Bg5 $1 $18) 30. Bxf6 $1 $18) 27. Bb3 $1 Qb6 $8 28. Bf2 $3 bxc3 (28...
Bxf2 29. Qd6+ Ke8 30. Qxf6 Bc5 (30... Qc7 31. Rhd3 Bd7 32. Rxd7 Qxd7 33. Rxd7
Kxd7 34. Bxf7 $18 {->}) 31. Bxf7+ Rxf7 32. Qxh8+ Rf8 33. Qxe5+ Be7 34. Rxh4 $18
) 29. bxc3 Rg8 (29... Qxb3 $4 30. Bxc5+ {/\Qd8#}) 30. Ba2 Rhg7 (30... Bxf2 31.
Qd6+ Ke8 32. Rhd3 (32. Qxf6 $18 {Anand}) 32... Rhg7 (32... Bc5 33. Qd8+ Qxd8
34. Rxd8+ Ke7 35. Rxg8 $18) 33. Qxf6 Bd4 $8 34. cxd4 $18) 31. Rf3 Rh7 (31...
Rxg2 32. Qc4 $1 {/\Qc5,Qf7}) (31... Bxf2 32. Qd6+ Ke8 33. Rxf2 {/\Rfd2+-}) 32.
Qd2 $1 Rhg7 33. Rd3 $18 {T /\34.Rd7} (33. Rd3 {Hansen,Cu} Bxf2 34. Rd7+ Bxd7
35. Qxd7+ Kf8 36. Qc8+ Ke7 37. Rd7#) 1-0

[Event "Tilburg"]
[Site "Tilburg"]
[Date "1991.??.??"]
[Round "9"]
[White "Kamsky, Gata"]
[Black "Bareev, Evgeny"]
[Result "1-0"]
[WhiteElo "2595"]
[BlackElo "2680"]
[Annotator "Knaak,R"]
[PlyCount "69"]
[EventDate "1991.10.??"]
[EventType "tourn"]
[EventRounds "14"]
[EventCountry "NED"]
[EventCategory "17"]
[SourceTitle "CBM 026"]
[Source "ChessBase"]
[SourceDate "1992.02.01"]
[SourceVersion "1"]
[SourceVersionDate "1992.02.01"]
[SourceQuality "1"]

1. e4 e6 2. d3 d5 3. Nd2 Nf6 4. e5 $6 Nfd7 5. f4 c5 6. Ngf3 Nc6 7. g3 b5 8. Bg2
Qb6 9. c3 Be7 10. O-O O-O $15 11. Kh1 Bb7 12. Qe2 Rae8 13. Nb3 a5 14. Be3 a4
15. Nbd2 f5 16. exf6 Bxf6 17. d4 b4 $5 (17... cxd4 18. Nxd4 Nxd4 19. Bxd4 Bxd4
20. cxd4 b4 21. Qe3 $10) 18. dxc5 Qa5 (18... Nxc5 $6 19. Qf2 Be7 $13) 19. Nd4
bxc3 20. bxc3 Bxd4 21. cxd4 Ba6 22. Qf2 Bxf1 23. Rxf1 Nf6 $15 24. Bh3 Qc3 25.
Nf3 Qd3 26. Re1 Rb8 $2 (26... Ne4) (26... Kh8) 27. Bxe6+ Kh8 28. Ne5 Qe4+ $2 (
28... Nxe5 29. dxe5 Ne4 30. Qe2 $16) 29. Kg1 Nxe5 (29... Nd8 30. Bh3 {>< Qe4})
30. dxe5 Rb1 $2 31. Bc1 $1 Qc4 32. exf6 Rxc1 33. fxg7+ Kxg7 34. Qb2+ Rc3 35.
Re3 1-0

[Event "Tilburg"]
[Site "Tilburg"]
[Date "1991.??.??"]
[Round "12"]
[White "Karpov, Anatoly"]
[Black "Kamsky, Gata"]
[Result "0-1"]
[WhiteElo "2730"]
[BlackElo "2595"]
[Annotator "Anand,V"]
[PlyCount "144"]
[EventDate "1991.10.??"]
[EventType "tourn"]
[EventRounds "14"]
[EventCountry "NED"]
[EventCategory "17"]
[SourceTitle "CBM 026"]
[Source "ChessBase"]
[SourceDate "1992.02.01"]
[SourceVersion "1"]
[SourceVersionDate "1992.02.01"]
[SourceQuality "1"]

1. d4 Nf6 2. c4 g6 {Kamsky is scoring very well withthe Grunfeld these days.
After Tilburg he played in Belgrade and beat Gelfand,Beliavsky and Lautier
with it!} 3. Nc3 d5 4. cxd5 Nxd5 5. e4 Nxc3 6. bxc3 Bg7 7. Be3 c5 8. Qd2 Qa5 9.
Rb1 {A finesse to provoke a6 and weaken b6. Whether it is advantageous for
white is not clear especially after this game!} a6 10. Rc1 cxd4 11. cxd4 Qxd2+
12. Kxd2 O-O 13. Nf3 e6 14. Bc4 Nc6 15. Rhd1 Bd7 16. Ke1 Na5 $1 {White is
ready for d5.} 17. Be2 Rfc8 18. Bd2 (18. d5 exd5 19. exd5 b5) 18... Nc6 19. Bc3
Na7 $1 20. Bd2 Nb5 21. e5 Bc6 22. a4 Na7 (22... Nc7 23. Ra1 (23. a5 Ba4) 23...
Nd5 $10) 23. Ra1 Bd5 24. Kf1 Nc6 25. a5 Rc7 (25... Bf8 $1) 26. Be3 Bf8 27. Ne1
Bb4 28. Rdc1 Bxe1 (28... Rac8 29. Nd3 Bxa5 30. Rxc6 Rxc6 31. Rxa5) 29. Rxe1 Nb4
$36 30. Rac1 Nc2 31. Bg5 Rac8 32. Red1 Nb4 33. Rxc7 Rxc7 34. Rb1 Nc2 35. Bd8
Rc8 36. Bb6 Be4 37. Rd1 $8 (37. Rb2 Nxd4) 37... Rc3 38. Bc5 Kg7 39. Kg1 Rb3 40.
f3 Bc6 41. Kf2 Nb4 42. Rd2 Bd5 43. h4 Nc6 44. Bb6 h5 (44... Ra3 45. Rc2 Nxa5
46. Rc8 $40) (44... h6) 45. Rc2 Ra3 46. g4 Ra1 (46... g5 47. hxg5 (47. gxh5
gxh4 $15) 47... hxg4 48. fxg4 Kg6) 47. Rc3 Rh1 48. Kg3 g5 49. hxg5 h4+ 50. Kg2
Re1 51. Rc2 (51. Kf2 $6 h3 $1 $19) 51... Kg6 52. Kf2 Ra1 53. f4 Ra3 54. Rd2 Rg3
55. Bc5 Kg7 $1 56. Rd3 $2 Rg2+ 57. Kf1 Rxe2 $1 $19 58. Kxe2 Bc4 $19 59. d5 exd5
60. Kd2 Bxd3 61. Kxd3 d4 62. Ke2 h3 63. Kf3 d3 64. Be3 (64. Bg1 Nd4+ $1 $19)
64... Nd4+ $1 (64... Nxa5 65. f5 Nc4 66. Bf4) 65. Kg3 h2 66. Kxh2 Nf3+ 67. Kg3
d2 68. Bxd2 Nxd2 69. f5 Nc4 70. Kf4 Nxa5 71. Ke4 Nc6 72. Kd5 a5 0-1

[Event "Tilburg"]
[Site "Tilburg"]
[Date "1991.??.??"]
[Round "13"]
[White "Timman, Jan H"]
[Black "Kamsky, Gata"]
[Result "1-0"]
[WhiteElo "2630"]
[BlackElo "2595"]
[Annotator "Anand,V"]
[PlyCount "79"]
[EventDate "1991.10.??"]
[EventType "tourn"]
[EventRounds "14"]
[EventCountry "NED"]
[EventCategory "17"]
[SourceTitle "CBM 026"]
[Source "ChessBase"]
[SourceDate "1992.02.01"]
[SourceVersion "1"]
[SourceVersionDate "1992.02.01"]
[SourceQuality "1"]

1. d4 Nf6 2. c4 g6 3. Nc3 d5 4. Nf3 Bg7 5. Qb3 dxc4 6. Qxc4 O-O 7. e4 a6 8. Be2
b5 9. Qb3 c5 10. dxc5 Be6 $6 {Timman} (10... Bb7) 11. Qc2 Qc8 (11... Qc7 12.
Ng5 $140 Bc8 13. Nd5 Nxd5 14. exd5 Bf5) 12. Ng5 Qxc5 (12... Bd7 13. e5) 13.
Nxe6 fxe6 14. Qb3 Nd5 $6 (14... Nc6 15. Qxe6+ Kh8 16. Be3 Nd4 17. Bxd4 Qxd4 18.
O-O $16) (14... Ng4 $1 {A better try} 15. Nd1 (15. Qxe6+ $2 Kh8 16. Qxg4 (16.
Bxg4 Bxc3+ 17. bxc3 Qxf2+ 18. Kd1 Rd8+ $19) 16... Bxc3+) (15. Bxg4 Qxf2+ 16.
Kd1 Rd8+) 15... Nxf2 16. Be3 Bd4 17. Rc1 Qb6 18. Bxd4 Qxd4 19. Qxe6+ Kg7 (19...
Kh8 20. Rf1) 20. Rf1 $16) 15. exd5 Qxf2+ 16. Kd1 Qxg2 17. Re1 Nd7 18. Be3 Rac8
$2 (18... Rad8) (18... Kh8) 19. d6 $1 Rc6 20. dxe7 Re8 21. Rc1 Rxe7 (21... Qxh2
22. Ne4) (21... Rd6+ 22. Kc2 Rxe7 23. Kb1) 22. Rc2 Qh3 23. Qb4 Rf7 24. Qe4 Rd6+
25. Rd2 Rxd2+ 26. Bxd2 Ne5 27. Qa8+ Rf8 28. Qxa6 b4 29. Ne4 b3 30. Nc3 Rd8 (
30... bxa2 $1) 31. Qb6 Bf6 32. axb3 Ra8 33. Qb7 $1 Rd8 (33... Ra1+ 34. Kc2 Qf5+
35. Qe4) 34. Ne4 Bg7 35. Qb6 Ra8 36. Ng5 Qf5 (36... Ra1+ 37. Bc1) 37. Qxe6+
Qxe6 38. Nxe6 Nc6 39. Nxg7 Kxg7 40. Bc3+ 1-0

[Event "Tilburg"]
[Site "Tilburg"]
[Date "1991.??.??"]
[Round "14"]
[White "Kamsky, Gata"]
[Black "Short, Nigel D"]
[Result "0-1"]
[WhiteElo "2595"]
[BlackElo "2660"]
[Annotator "Ftacnik,L"]
[PlyCount "126"]
[EventDate "1991.10.??"]
[EventType "tourn"]
[EventRounds "14"]
[EventCountry "NED"]
[EventCategory "17"]
[SourceTitle "CBM 026"]
[Source "ChessBase"]
[SourceDate "1992.02.01"]
[SourceVersion "1"]
[SourceVersionDate "1992.02.01"]
[SourceQuality "1"]

1. d4 Nf6 2. Nf3 d5 3. c4 e6 4. Nc3 Be7 5. Bf4 O-O 6. e3 c5 7. dxc5 Bxc5 8. Qc2
Nc6 9. a3 Qa5 10. Rd1 Be7 11. Nd2 e5 12. Nb3 Qb6 13. Bg5 Bg4 14. f3 dxc4 15.
Bxc4 Be6 16. Bxe6 {N} (16. Na4 Qc7 $2 (16... Nb4 17. Qc3 (17. axb4 Qxb4+ 18.
Nd2 Bxc4 19. Qxc4 Qxc4 20. Nxc4 b5 $10) 17... Na2 18. Qc2 Nb4 19. Qe2 Bxc4 20.
Qxc4 Qa6 $1 $10) 17. Bxe6 fxe6 18. Bxf6 $1 Rxf6 19. O-O Rh6 20. Nac5 Bg5 21.
Qc3 $2 (21. Qe2 $1 $16) 21... Nd4 $3 $13 {Gulko,B-Yusupov,A/Novi Sad ol/1990/})
16... fxe6 17. Nd2 $6 (17. Bxf6 Qxe3+) (17. Na4 Qb5 18. Nac5 Nd5 $1 $13) 17...
Nd5 $1 18. Nc4 (18. Bxe7 $2 Nxe3 $19) (18. Nxd5 exd5 19. Bxe7 Qxe3+ $19) 18...
Qc7 (18... Qc5 19. Ne4) 19. Nb5 (19. Nxd5 exd5 20. Bxe7 Nxe7 $19) (19. Bxe7
Ncxe7 $17) 19... Qd7 20. Bxe7 (20. h4 Ncb4 21. axb4 Qxb5 $17) 20... Qxe7 21.
O-O Rad8 (21... Qc5 22. Qb3 a6 23. Nc3 Nxe3 (23... b5 24. Nxd5 exd5 25. Nd2)
24. Nxe3 Qxe3+ 25. Kh1 Nd4 26. Qb4 $15) 22. Qb3 Qc5 23. Nc3 (23. Rfe1 a6 24.
Nc3 b5 25. Nxd5 bxc4 26. Qb6 Rxd5 $19) 23... Nxe3 24. Nxe3 (24. Ne4 Qxc4 25.
Qxe3 $17) 24... Qxe3+ 25. Kh1 Nd4 26. Qb4 (26. Qxb7 Rb8 27. Qe4 Qxe4 28. Nxe4
Rxb2 $17) 26... Nf5 27. Qxb7 $2 (27. Rxd8 Rxd8 28. Qxb7 $15) 27... Rb8 28. Qd7
(28. Qc7 Rxb2 29. Rde1 Qg5 $19) 28... Ng3+ $1 29. hxg3 Rf6 30. Qe7 $8 Rh6+ 31.
Qh4 Rxb2 32. Ne4 (32. Rd8+ Kf7 33. Rd7+ Kg6 $19) 32... Rxh4+ 33. gxh4 Qxa3 34.
Rd7 (34. Rd8+ Kf7 35. Ng5+ Kg6 36. Nxe6 Qe7 37. Nf8+ Kh6 $19) 34... Qa2 (34...
Rb8) 35. Ng5 Rb8 (35... g6 $2 36. Rfd1) 36. Rfd1 Rf8 37. Ne4 (37. Re7 Qa4 38.
Rdd7 Qxh4+ 39. Nh3 Qf6 40. Rxa7 $17) 37... h6 38. Rc1 Qe2 39. Rcc7 Qe1+ 40. Kh2
Qxh4+ 41. Kg1 Qe1+ 42. Kh2 Rf4 43. Rxg7+ Kf8 44. Rg3 (44. g3 Qe2+ 45. Kh3 Qf1+
46. Kh2 Rxf3 $19) 44... Rh4+ 45. Rh3 a5 $1 46. Ra7 h5 47. Ng3 Qb4 48. Ne4 Rxh3+
49. Kxh3 a4 50. Kh4 a3 51. Kg5 Ke8 (51... Qb2 52. Kf6 $132) 52. Kxh5 (52. Kf6
Kd8) 52... Kd8 53. g4 Qb2 54. g5 a2 55. Ra8+ (55. g6 Qh2+ 56. Kg5 Qf4+ 57. Kh5
Qxf3+ $19) 55... Kc7 56. Kg6 a1=Q 57. Rxa1 Qxa1 58. Kf7 Kd8 59. g6 Qa7+ 60. Kg8
Qe7 61. g7 Qe8+ 62. Kh7 Qh5+ 63. Kg8 Ke7 {Ftacnik,L} (63... Ke7 64. Nd2 Kf6 65.
Ne4+ Kg6 66. Kf8 Qxf3+ $19) 0-1

[Event "Belgrade Investbank"]
[Site "Belgrade"]
[Date "1991.??.??"]
[Round "?"]
[White "Damljanovic, Branko"]
[Black "Kamsky, Gata"]
[Result "1-0"]
[WhiteElo "2585"]
[BlackElo "2595"]
[Annotator "Horn,Pe"]
[PlyCount "73"]
[EventDate "1991.11.??"]
[EventType "tourn"]
[EventRounds "11"]
[EventCountry "YUG"]
[EventCategory "15"]
[SourceTitle "CBM 027"]
[Source "ChessBase"]
[SourceDate "1992.04.01"]
[SourceVersion "1"]
[SourceVersionDate "1992.04.01"]
[SourceQuality "1"]

1. Nf3 d5 2. g3 c5 3. Bg2 Nc6 4. O-O e5 5. c4 d4 6. d3 Nf6 7. e3 Be7 8. Re1 (8.
exd4 exd4 $14) 8... Nd7 {N; Schwarz will wie Weiß in der Hauptvariante gegen
Modernes Benoni spielen} (8... O-O 9. Na3 (9. exd4 exd4 10. Bf4) 9... dxe3 $10)
9. Na3 (9. exd4 cxd4) 9... O-O 10. Nc2 a5 (10... dxe3 11. Nxe3 $10) 11. Rb1 f5
$6 {/\ e4} (11... f6 $1 $13) 12. exd4 cxd4 13. a3 {/\ b4} a4 14. Bd2 Bf6 $6 15.
Bb4 Re8 16. Nd2 $16 Kh8 17. c5 {/\ Nc4-d6} e4 $6 18. dxe4 Nde5 19. f4 Nd3 20.
e5 $1 (20. Rf1 fxe4 21. Nxe4 $16) 20... Nxe1 21. Nxe1 Be7 22. Nc4 Be6 23. Nd6
Bxd6 24. cxd6 {eine perfekte Bauernkette} Nxb4 25. axb4 Qb6 26. Nd3 a3 27. bxa3
Rxa3 28. Nc5 d3 29. Kh1 Ba2 30. Rc1 Qxb4 31. Nxd3 Qb5 32. Nc5 b6 33. d7 $18 Rd8
34. e6 bxc5 35. e7 Qb8 36. exd8=Q+ Qxd8 37. Rxc5 1-0

[Event "Belgrade Investbank"]
[Site "Belgrade"]
[Date "1991.??.??"]
[Round "?"]
[White "Gelfand, Boris"]
[Black "Kamsky, Gata"]
[Result "0-1"]
[WhiteElo "2665"]
[BlackElo "2595"]
[Annotator "Ftacnik,L"]
[PlyCount "78"]
[EventDate "1991.11.??"]
[EventType "tourn"]
[EventRounds "11"]
[EventCountry "YUG"]
[EventCategory "15"]
[SourceTitle "CBM 027"]
[Source "ChessBase"]
[SourceDate "1992.04.01"]
[SourceVersion "1"]
[SourceVersionDate "1992.04.01"]
[SourceQuality "1"]

1. d4 Nf6 2. c4 g6 3. Nc3 d5 4. cxd5 Nxd5 5. e4 Nxc3 6. bxc3 Bg7 7. Nf3 c5 8.
Rb1 O-O 9. Be2 cxd4 10. cxd4 Qa5+ 11. Bd2 Qxa2 12. O-O Qe6 13. Qc2 Qc6 (13...
Qd6 14. Bb4 (14. d5 b6 15. Bb4 Qd8 16. Rfd1 Na6 17. Ba3 Nc5 18. Nd4 $1 Bxd4 19.
Rxd4 Qd6 20. Qc3 Qf4 21. Bb5 $16 {Gelfand,B-Kindermann,S/Debrecen/1989/}) 14...
Qd8 15. d5 Bg4 16. Rfc1 Na6 17. Ba3 Bxf3 18. gxf3 Qd7 19. Bxa6 bxa6 20. Qc7 $16
{Gelfand,B-Kindermann,S/Dortmund/1990/}) 14. Qd3 Qd6 15. Bb4 Qd8 16. d5 {N} (
16. Qa3 Nc6 17. Bc5 Bxd4 $1 18. Nxd4 Nxd4 19. Bxe7 Nxe2+ 20. Kh1 Qe8 21. Bxf8
Qxf8 22. Qe3 a5 $1 $10 {Gelfand,B-Kamsky,G/Tilburg/1990/}) 16... Na6 17. Ba3 b6
18. Qe3 Nc5 19. Rfd1 (19. Bxc5 bxc5 20. Qxc5 Bg4 21. Rb7 Qd6 $1 $10) (19. Nd4
$5) 19... Bg4 20. e5 (20. Nd4 Bxd4 21. Rxd4 Bxe2 22. Qxe2 e5 $13) 20... Rc8 21.
h3 (21. Ng5 Bxe2 22. Qxe2 $146) 21... Bxf3 22. Bxf3 Qc7 23. d6 (23. Bg4 Bxe5 $1
(23... Rcd8 24. f4 $36) 24. Bxc8 Rxc8 $44) 23... exd6 24. exd6 Qd8 25. Be2 (25.
Bg4 Rc6 26. Qg3 f5) 25... Re8 26. Qf3 Re6 27. d7 (27. Bc4 Rf6 (27... Rxd6 28.
Qxf7+ Kh8 29. Rxd6 Qxd6 30. Qxa7 $14) 28. Qg3 Qd7) 27... Rc7 (27... Nxd7 28.
Bb5 Rc7 29. Qd5 $18) 28. Bb5 Re7 (28... a6 $6 29. Bc4 Re7 30. Rxb6 Rcxd7 31.
Rxd7 Rxd7 32. Bxc5 Rd1+ 33. Bf1 $18) 29. Rd2 (29. Qd5 Rcxd7 30. Bxd7 Rxd7 31.
Qf3) (29. Bxc5 $5 Rxc5 (29... bxc5 30. Bc6 $1 $18) 30. Rbc1 Ree5 31. Rxc5 Rxc5
32. Qe2 $16) 29... Rexd7 $1 30. Bxd7 Rxd7 31. Rxd7 Qxd7 (31... Nxd7 $6 32. Rd1
$16) 32. Qa8+ (32. Bxc5 bxc5 33. Rb7 Qe6 34. Rxa7 $16) (32. Rd1 Qc8 33. Qd5 $16
) 32... Bf8 33. Re1 h5 (33... Ne6 $2 34. Rxe6 $18) 34. h4 (34. Re8 Qd1+ 35. Kh2
Qd6+ 36. g3 h4 $132) (34. Qf3 $16) 34... Qd4 35. Re8 $2 (35. Qxa7 Nd3 36. Rf1
Qxh4 (36... Nxf2 $6 37. Rxf2 (37. Bxf8 Nd3+ 38. Kh2 Qxh4+) 37... Qa1+ 38. Kh2 (
38. Rf1 Bc5+ $1) 38... Bd6+ 39. g3 Bxa3 40. Qxf7+ Kh8 41. Qe8+ Kg7 42. Rf7+ Kh6
43. Qe3+) 37. Bxf8 Kxf8 38. Qxb6 Nf4 $10) 35... Kg7 $1 36. Qxa7 (36. Rxf8 Qd1+
37. Kh2 Qd6+ 38. g3 Qxf8) 36... Bd6 37. Kf1 (37. Re1 Nd3 38. Rf1 Bg3 $19) 37...
Nd3 38. Ke2 (38. Re2 Qa1+) 38... Nf4+ 39. Kf3 (39. Ke1 Qc3+ 40. Kf1 (40. Kd1
Qd3+ 41. Kc1 Bxa3+) 40... Qd3+ 41. Kg1 Ne2+ $1 42. Rxe2 Qd1+) 39... Qd1+ {
Ftacnik,L} (39... Qd1+ 40. Ke4 Qd3#) 0-1

[Event "Belgrade Investbank"]
[Site "Belgrade"]
[Date "1991.??.??"]
[Round "?"]
[White "Kamsky, Gata"]
[Black "Gurevich, Mikhail"]
[Result "1/2-1/2"]
[WhiteElo "2595"]
[BlackElo "2630"]
[PlyCount "112"]
[EventDate "1991.11.??"]
[EventType "tourn"]
[EventRounds "11"]
[EventCountry "YUG"]
[EventCategory "15"]
[SourceTitle "CBM 027"]
[Source "ChessBase"]
[SourceDate "1992.04.01"]
[SourceVersion "1"]
[SourceVersionDate "1992.04.01"]
[SourceQuality "1"]

1. e4 e6 2. d4 d5 3. Nc3 Nf6 4. e5 Nfd7 5. f4 c5 6. Nf3 Nc6 7. Be3 cxd4 8. Nxd4
Bc5 9. Qd2 O-O 10. O-O-O a6 11. h4 Nxd4 12. Bxd4 b5 13. Ne2 a5 14. Qe3 Qc7 15.
Bxc5 Nxc5 16. Nd4 b4 17. g4 Ba6 18. f5 Ne4 19. fxe6 Qxe5 20. exf7+ Rxf7 21. Bg2
Rc8 22. Rhe1 Re7 23. Nf5 Rec7 24. Bxe4 dxe4 25. Rd2 Qe6 26. Kb1 Bb7 27. Red1 h6
28. Qb3 Qxb3 29. axb3 e3 30. Nxe3 Bf3 31. Rd8+ Rxd8 32. Rxd8+ Kh7 33. Rf8 Be4
34. Re8 Bf3 35. Re5 Ra7 36. g5 hxg5 37. hxg5 Kg6 38. Nc4 Rd7 39. Ne3 Ra7 40.
Kc1 a4 41. bxa4 Rxa4 42. Kd2 Ra7 43. Kd3 Rc7 44. Nf5 Kxg5 45. Nxg7+ Kf4 46.
Rf5+ Kg4 47. Rg5+ Kxg5 48. Ne6+ Kf5 49. Nxc7 Be4+ 50. Kd2 Bb7 51. Ke3 Ke5 52.
Nb5 Be4 53. Nd4 Kd5 54. Nc6 Bxc2 55. Nxb4+ Kc4 56. Nxc2 Kb3 1/2-1/2